Super Smash Bros. Characters by First Letter - Statistics

General Stats
  • This quiz has been taken 509 times
    450 since last reset
  • The average score is 17 of 23
Answer Stats
Hint Answer % Correct
M Mario, Marth, Mega Man, Meta Knight, Mewtwo, Mii Fighters, Min Min, (Morton Koopa), Mr. Game & Watch
95%
B Banjo & Kazzooie, Bayonetta, Bowser, Bowser Jr., Byleth Eisner
93%
L (Larry Koopa), (Lemmy Koopa) Link, Little Mac, Lucario, Lucas, Lucina, (Ludwig Koopa), Luigi
93%
C Captain Falcon, (Charizard), Chrom, Cloud, Corrin
90%
P PAC-MAN, Palutena, Peach, Pichu, Pikachu, Piranha Plant, Pit, Pokémon Trainer
90%
D Daisy, Dark Pit, Dark Samus, Diddy Kong, DK, Dr. Mario, Duck Hunt
89%
R Richter, Ridley, R.O.B, Robin, Rosalina & Luma, Roy, (Roy Koopa), Ryu
88%
S Samus, Sheik, Shulk, Simon, Snake, Sonic, (Squirtle), Steve
88%
I Ice Climbers, (Iggy Koopa), Ike, Incineroar, Inkling, Isabelle, (Ivysaur)
83%
W Wario, (Wendy Koopa) Wii Fit Trainer, Wolf
83%
K Ken, King Dedede, King K. Rool, Kirby
79%
Z Zelda, Zero Suit Samus, (Zombie)
75%
J Jigglypuff, Joker
72%
O Olimar
71%
F Falco, Fox
69%
G Ganondorf, Greninja
65%
Y Yoshi, Young Link
64%
A* (Alph), (Alex)
63%
T Terry Bogard, Toon Link
59%
N Ness
55%
H Hero
44%
E* (Enderman)
38%
V Villager
37%
No matching quizzes found
Score Distribution
Percent of People with Each Score
Percentile by Number Answered
Your Score History
You have not taken this quiz since the last reset